Normal view
MARC view
Entry Término temático
001 - NÚMERO DE CONTROL
- campo de control: 22101
003 - IDENTIFICADOR DEL NÚMERO DE CONTROL
- campo de control: FranzMayer
005 - FECHA Y HORA DE LA ÚLTIMA TRANSACCIÓN
- campo de control: 20190320210438.0
008 - DATOS DE LONGITUD FIJA
- campo de control de longitud fija: 190320|| aca||aabn | a|a d
040 ## - FUENTE DE LA CATALOGACIÓN
- Centro catalogador/agencia de origen: FranzMayer
- Centro/agencia transcriptor: FranzMayer
150 ## - ENCABEZAMIENTO--TÉRMINO DE MATERIA
- Término de materia o nombre geográfico como elemento de entrada: Francés
- Subdivisión de forma: diccionario
- Subdivisión cronológica: Obras anteriores a 1800
670 ## - FUENTE DE DATOS ENCONTRADOS
- Cita de la fuente: Work cat.: (FranzMayer): Cormon, Francisco 22098, Sobrino aumentado, o diccionario de las lenguas española, francesa y latina, compuesto de los mejores Diccionarios, que hasta ahora han salido a la luz: dividido en tres tomos: los dos primeros contienen el Español explicado por el Francés y el Latín, y l tercero el Francés explicado por el Español, y el Latín, con un diccionario abreviado de geographia, en donde se hallan los nombres de los Reinos, de las ciudades, de los Mares, y Ríos del Mundo, 1776